000 01182cam a2200133 4500500
005 20251214001512.0
041 _afre
042 _adc
100 1 0 _aHuyghe, François-Bernard
_eauthor
245 0 0 _aLa désinformation : Les armes du faux
260 _bArmand Colin,
_c2016.
520 _aInfo, intox ? Complot, rumeur ? La désinformation serait partout, et la vérité nulle part. Ces questions obsèdent nos sociétés où il semble qu’en ligne tous puissent s’exprimer et que rien ne doive rester caché. Pourtant, la désinformation a une histoire. Elle s’exprime pendant la guerre froide et accompagne la mondialisation, avant que le web et les réseaux sociaux ne lui ouvrent de nouveaux horizons.En explorant les mécanismes de ce qui nous abuse et que nous refusons parfois de croire, des systèmes de pouvoir apparaissent et de nouvelles formes d’idéologies se manifestent. Quand la vérité des faits devient l’objet central de nos luttes, la désinformation n’est plus qu’une question morale : elle est un enjeu stratégique.   
856 4 1 _uhttps://shs.cairn.info/la-desinformation--9782200601362?lang=fr&redirect-ssocas=7080
999 _c1566228
_d1566228